000 00429nam a22001697a 4500
003 SGT
020 _a9781264598236
082 _a616.01
_bR22L
100 _aLEVINSON, WARREN
245 _aREVIEW OF MEDICAL MICROBIOLOGY & IMMUNOLOGY
250 _a8TH
260 _aNEW YORK
_bMCGRAW HILL PUB
_c2022
300 _a836
650 _aMICROBIOLOGY
653 _aREVIEW OF MEDICAL MICROBIOLOGY & IMMUNOLOGY
942 _2ddc
_cBK
999 _c25332
_d25332